skbl

Dr Suryya Kumar Bhuyan Library Web-OPAC
ডঃ সূৰ্য্য
কুমাৰ ভূঞা পুথিভঁৰাল ৱেব-অ'পেক

All Research Scholars are advised to clear the annual library fees to continue using Library Resources, Remote Access, Plagiarism Test and Library Clearance.

Cotton University Book Fair 2026

Lands of Aladdin / (Record no. 49362)

MARC details
000 -LEADER
fixed length control field 00611nam a2200241Ia 4500
001 - CONTROL NUMBER
control field 49397
005 - DATE AND TIME OF LATEST TRANSACTION
control field 20240114003949.0
007 - PHYSICAL DESCRIPTION FIXED FIELD--GENERAL INFORMATION
fixed length control field ta
008 - FIXED-LENGTH DATA ELEMENTS--GENERAL INFORMATION
fixed length control field 090526s1955 g b000 u 465 u
040 ## - CATALOGING SOURCE
Original cataloging agency Cotton College,Assam
041 ## - LANGUAGE CODE
Language code of text/sound track or separate title 465
082 ## - DEWEY DECIMAL CLASSIFICATION NUMBER
Classification number 915.3
Item number M 585 L
100 ## - MAIN ENTRY--PERSONAL NAME
Personal name Mielche, Hakon .
245 #0 - TITLE STATEMENT
Title Lands of Aladdin /
Statement of responsibility, etc. Hakon Mielche.
Medium Textual Documents
250 ## - EDITION STATEMENT
Edition statement 1st ed /
260 ## - PUBLICATION, DISTRIBUTION, ETC.
Place of publication, distribution, etc. London :
Name of publisher, distributor, etc. William Hodge & Co. ,
Date of publication, distribution, etc. 1955.
300 ## - PHYSICAL DESCRIPTION
Extent 241p ;
Dimensions 23 cm.
653 ## - INDEX TERM--UNCONTROLLED
Uncontrolled term Geography
653 ## - INDEX TERM--UNCONTROLLED
Uncontrolled term T/G-Geography
942 ## - ADDED ENTRY ELEMENTS (KOHA)
Source of classification or shelving scheme Dewey Decimal Classification
Koha item type Books
Holdings
Withdrawn status Lost status Damaged status Not for loan Collection Home library Current library Date acquired Coded location qualifier Total checkouts Full call number Barcode Date last seen Copy number Price effective from Koha item type
          Dr. Suryya Kumar Bhuyan Library Dr. Suryya Kumar Bhuyan Library 01/02/2012 00000   915.3 M 585 L 40587 14/01/2024 1 01/02/2012 Books

Designed and Maintained by Team SKBL
©1901-2026

Powered by Koha